| 000 | 00428nam a2200181Ia 4500 | ||
|---|---|---|---|
| 001 | 17540 | ||
| 005 | 20260306171525.0 | ||
| 008 | 260306s9999||||xx |||||||||||||| ||und|| | ||
| 041 | _aESP | ||
| 082 |
_a658.02 _bI93 T. 1 |
||
| 100 |
_aIvancevich, John M. _eAUT |
||
| 245 | 0 |
_aGestión: _bcalidad y competitividad |
|
| 260 | _c1996 | ||
| 300 |
_aT. 1 _c24 cm. |
||
| 650 | _aGEN | ||
| 654 | _aCAN | ||
| 942 |
_cLIB _dJUS _fJUS _2ddc _n |
||
| 999 |
_c17540 _d17540 |
||